Butter BTS Lyrics - Statistics

General Stats
  • This quiz has been taken 1,603 times
  • The average score is 33 of 61
Answer Stats
Answer % Correct
Smooth like {butter}
100%
Smooth like {butter}
100%
Like a {criminal} undercover
97%
Breakin' into your {heart} like that (Ooh)
94%
I'll melt your {heart} into two
94%
I'll melt your {heart} into two
94%
Ooh, when I look in the {mirror}
93%
Ooh, when I look in the {mirror}
93%
Hot like {summer}
92%
Yeah, I owe it all to my {mother}
91%
Side step, right, left to my {beat}
86%
Side step, right, left to my {beat}
86%
Side step, right, left to my {beat}
86%
Side step, right, left to my {beat}
86%
Side step, right, left to my {beat}
86%
Side step, right, left to my {beat} (Right, left to my beat)
86%
High like the {moon}, rock with me, baby
85%
High like the {moon}, rock with me, baby
85%
High like the {moon}, rock with me, baby
85%
Yeah, I'm makin' you {sweat} like that
84%
I got that {superstar} glow so (Ooh)
83%
I got that {superstar} glow so (Ooh)
83%
Let me show you 'cause talk is {cheap}
81%
Let me show you 'cause talk is {cheap}
81%
Let me show you 'cause talk is {cheap} (You know that talk is cheap)
81%
Cool {shade} stunner
78%
Know that I got that {heat}
78%
Know that I got that {heat}
78%
Know that I got that {heat}
78%
Don't {need} no Usher
70%
Gon' pop like {trouble}
70%
To {remind} me you got it bad
52%
{Hot} like (Summer), ain't no (Bummer)
51%
Got {ARMY} right behind us when we say so
50%
Makin' you {fall} like that
48%
{Straight} up, I got ya
46%
That can sweep you up like a {robber}
46%
You be like, oh my {God}
45%
Rollin' up to {party}, got the right vibe
43%
Got the {right} {body} and the right mind
42%
And you know we don't {stop}
38%
All the playas get movin' when the {bass} low
35%
Smooth like (Butter), {cool} {shade} (Stunner)
35%
Fresh {boy} pull up and we lay low
31%
We gon' make you {rock} and you say (Yeah)
29%
We gon' make you {bounce} and you say (Yeah)
21%
Ain't no other
3%
Break it down
3%
Break it down
3%
Do the boogie like
3%
Do the boogie like
3%
Get it, let it roll
3%
Get it, let it roll
3%
Get it, let it roll
3%
Get it, let it roll
3%
Get it, let it roll
3%
Get it, let it roll
3%
Pull you in like no other
3%
Let's go
2%
Hotter? Sweeter! Cooler? Butter!
1%
Smooth like (Butter), hate us (Love us)
1%
No matching quizzes found
Score Distribution
Percent of People with Each Score
Percentile by Number Answered
Your Score History
You have not taken this quiz